000 01046nam0a22002651 4500
001 rc\4410492
005 20260408054048.0
021 _aRU
_bРг7680-58
035 _a(NLR Aleph) 008302425
090 _a8644578
_c8644578
100 _a20130416d1957 |||y0rusy50 ca
101 0 _arus
102 _aRU
105 _aa z |||||
200 1 _aДомашний автоматический электрохолодильник "ОКА"
_eМодель ДХ-120
_eКраткая инструкция по уходу и пользованию
_fМуром. завод им. Орджоникидзе
210 _a[Муром]
_cБ. и.
_d1957
215 _a19 с.
_cил.
_d20
311 _aПрил.: Паспорт...., 1957
421 0 _11010#$arus
_12001#$aПаспорт...
_1210##$d1957
_1215##$a11 с.
_tПаспорт...
712 0 2 _aМуромский завод им. Орджоникидзе
_9289562
_3RU\NLR\AUTH\8810200672
801 0 _aRU
_bNLR
_gpsbo
801 1 _aRU
_bELAR
_2rusmarc
852 _aNLR
_j58-4/17842
942 _cBOOK
980 _aNB